[Event "Belgrade-chT Quality"]
[Site "Belgrade"]
[Date "2011.10.23"]
[Round "4"]
[White "Mitic, Miroljub"]
[Black "Pavlovic, Slobodan"]
[Result "1-0"]
[WhiteElo "2269"]
[BlackElo "2159"]
[PlyCount "91"]
[EventDate "2011.10.15"]
[EventType "team-swiss"]
[EventRounds "11"]
[EventCountry "SRB"]
[SourceTitle "EXT 2012"]
[Source "ChessBase"]
[SourceDate "2011.11.24"]
[SourceVersion "1"]
[SourceVersionDate "2011.11.24"]
[SourceQuality "1"]

1. d4 f5 2. c4 Nf6 3. g3 e6 4. Bg2 Be7 5. Nf3 0-0 6. Nc3 d6 7. 0-0 a5 8. Qc2 Nc6 9. e4 Nb4 10. Qb1 fxe4 11. Nxe4 e5 12. dxe5 Nxe4 13. Qxe4 Bf5 14. Qxb7 Rb8 15. Qa7 Ra8 16. Qd4 dxe5 17. Qxd8 Raxd8 18. Nxe5 Nc2 19. Nc6 Nxa1 20. Nxe7+ Kh8 21. Bg5 h6 22. Ng6+ Bxg6 23. Bxd8 Rxd8 24. Rxa1 Rd2 25. b3 c5 26. Bf3 Rb2 27. Rd1 Rxa2 28. Rd8+ Kh7 29. h4 h5 30. Rd5 Rb2 31. Rxc5 Rxb3 32. Kg2 a4 33. Ra5 a3 34. c5 Rc3 35. c6 Be8 36. c7 Rxc7 37. Bxh5 Bxh5 38. Rxh5+ Kg6 39. Ra5 Rc3 40. g4 Rb3 41. h5+ Kh6 42. f3 Rc3 43. Kg3 Rb3 44. Ra6+ Kh7 45. g5 Rc3 46. Ra8 1-0

[Event "Belgrade tt Cup"]
[Site "Belgrade"]
[Date "2009.04.10"]
[Round "3"]
[White "Lalic, Mile"]
[Black "Pavlovic, Slobodan"]
[Result "1-0"]
[WhiteElo "2064"]
[BlackElo "2181"]
[PlyCount "51"]
[EventDate "2009.04.08"]
[EventType "tourn"]
[EventRounds "5"]
[EventCountry "YUG"]
[SourceTitle "CBM 129 Extra"]
[Source "ChessBase"]
[SourceDate "2009.05.05"]
[SourceVersion "2"]
[SourceVersionDate "2009.05.20"]
[SourceQuality "1"]

1. e4 c5 2. Nf3 Nc6 3. Bb5 d6 4. 0-0 Bg4 5. c3 Qb6 6. Na3 Nf6 7. Re1 e5 8. Qe2 Be7 9. Nc4 Qc7 10. Ne3 Be6 11. Ng5 0-0 12. Nxe6 fxe6 13. f3 Nh5 14. Bc4 Rf6 15. g3 Kh8 16. d3 Raf8 17. Rf1 Rg6 18. Ng2 Rgf6 19. f4 g6 20. f5 exf5 21. Bg5 fxe4 22. Bxf6+ Nxf6 23. dxe4 Qd7 24. Ne3 Nxe4 25. Rxf8+ Bxf8 26. Qf3 1-0

[Event "EU-ch Seniors 08th"]
[Site "Davos"]
[Date "2008.08.16"]
[Round "8"]
[White "Pribyl, Josef"]
[Black "Pavlovic, Slobodan"]
[Result "1-0"]
[WhiteElo "2397"]
[BlackElo "2181"]
[PlyCount "69"]
[EventDate "2008.08.09"]
[EventType "swiss"]
[EventRounds "9"]
[EventCountry "SUI"]
[SourceTitle "CBM 126 Extra"]
[Source "ChessBase"]
[SourceDate "2008.11.05"]
[SourceVersion "1"]
[SourceVersionDate "2008.11.05"]
[SourceQuality "1"]

1. e4 c6 2. Nf3 d5 3. Nc3 dxe4 4. Nxe4 Nf6 5. Qe2 Bf5 6. d3 e6 7. Nxf6+ gxf6 8. Nh4 Bg6 9. g3 Bd6 10. Bg2 Nd7 11. 0-0 Qc7 12. Bd2 0-0-0 13. b4 f5 14. Rab1 f4 15. b5 c5 16. a4 fxg3 17. hxg3 f5 18. b6 axb6 19. a5 f4 20. axb6 Qb8 21. Ra1 fxg3 22. Ra7 gxf2+ 23. Kh1 Nxb6 24. Rfa1 Rd7 25. Qxf2 Be7 26. Bf4 e5 27. Be3 Rf8 28. Qe1 e4 29. Bh3 exd3 30. Nxg6 hxg6 31. Bh6 Rf3 32. Bg4 Rg3 33. Qxe7 Rxg4 34. Qxc5+ Rc7 35. Qf8+ 1-0

[Event "Belgrade Trophy 19th"]
[Site "Belgrade"]
[Date "2006.11.28"]
[Round "7"]
[White "Pavlovic, Slobodan"]
[Black "Nestorovic, Lazar"]
[Result "0-1"]
[WhiteElo "2194"]
[BlackElo "2042"]
[PlyCount "74"]
[EventDate "2006.11.22"]
[EventType "swiss"]
[EventRounds "9"]
[EventCountry "YUG"]
[SourceTitle "CBM 115 Extra"]
[Source "ChessBase"]
[SourceDate "2007.01.10"]
[SourceVersion "1"]
[SourceVersionDate "2007.01.10"]
[SourceQuality "1"]

1. d4 Nf6 2. c4 e6 3. Nc3 Bb4 4. f3 d5 5. a3 Bxc3+ 6. bxc3 0-0 7. e3 c5 8. cxd5 exd5 9. Bd3 Nc6 10. Ne2 Re8 11. 0-0 Ne7 12. e4 dxe4 13. fxe4 cxd4 14. cxd4 Nc6 15. e5 Nd5 16. h3 Qh4 17. Nf4 Be6 18. Nxd5 Qxd4+ 19. Be3 Qxd5 20. Qc2 h6 21. Rad1 Qxe5 22. Bf4 Qa5 23. Qf2 Qxa3 24. Qg3 Qc5+ 25. Rf2 Qh5 26. Be2 Qg6 27. Qh4 Rad8 28. Rdf1 Rd5 29. Bf3 Rd4 30. Bh5 Qe4 31. Re2 Qd5 32. Bf3 Qc4 33. g3 Red8 34. Ref2 a5 35. Qh5 a4 36. Bxh6 gxh6 37. Qxh6 Qc5 0-1

[Event "SCG-chT 48th"]
[Site "Herceg Novi"]
[Date "2005.05.18"]
[Round "4"]
[White "Pavlovic, Slobodan"]
[Black "Tosic, Nebojsa"]
[Result "1-0"]
[WhiteElo "2189"]
[BlackElo "2219"]
[PlyCount "131"]
[EventDate "2005.05.15"]
[EventType "team-tourn"]
[EventRounds "7"]
[EventCountry "YUG"]
[SourceTitle "CBM 106 Extra"]
[Source "ChessBase"]
[SourceDate "2005.07.01"]
[SourceVersion "1"]
[SourceVersionDate "2005.07.01"]
[SourceQuality "1"]

1. d4 Nf6 2. c4 c5 3. d5 e6 4. Nc3 exd5 5. cxd5 d6 6. e4 g6 7. f4 Bg7 8. Bb5+ Nfd7 9. a4 0-0 10. Nf3 Na6 11. 0-0 Nb4 12. Kh1 Rb8 13. Be3 Re8 14. Bf2 a6 15. Bc4 Nf6 16. Bh4 Qc7 17. e5 Ng4 18. Qd2 Bd7 19. a5 Nh6 20. Ne4 b5 21. axb6 Rxb6 22. Nxd6 Rxd6 23. exd6 Qxd6 24. Rae1 Nf5 25. Rxe8+ Bxe8 26. Bf2 h6 27. Re1 Bd7 28. Ne5 Bb5 29. b3 Bf8 30. Rc1 Be8 31. Rd1 Qb6 32. Nd3 Nxd3 33. Qxd3 Bd7 34. Bxa6 Nd6 35. Bc4 Bf5 36. Qe2 Ne4 37. Be1 h5 38. h3 Nd6 39. Bh4 Kh7 40. Be7 Ne4 41. Kg1 Bxe7 42. g4 hxg4 43. hxg4 Nd6 44. Qxe7 Bxg4 45. Rd2 Kg8 46. Ra2 Qb8 47. Ra7 Bf5 48. Rc7 Qb4 49. Qe2 Qa5 50. Re7 Qa1+ 51. Qe1 Qd4+ 52. Qf2 Qf6 53. Re5 g5 54. Qg2 g4 55. Be2 Qg6 56. Bxg4 Be4 57. f5 Qg7 58. Rxe4 Nxe4 59. Qxe4 Qa1+ 60. Kh2 Qb2+ 61. Qg2 Qe5+ 62. Qg3 Qb2+ 63. Be2+ Kf8 64. Qe3 Qc2 65. f6 Kg8 66. Qg3+ 1-0

[Event "YUG-chT2"]
[Site "Tivat"]
[Date "1995.??.??"]
[Round "9"]
[White "Karaklajic, Nikola"]
[Black "Pavlovic, Slobodan"]
[Result "1/2-1/2"]
[WhiteElo "2375"]
[BlackElo "2275"]
[PlyCount "94"]
[EventDate "1995.??.??"]
[EventType "team-tourn"]
[EventRounds "11"]
[EventCountry "YUG"]
[SourceTitle "EXT 2002"]
[Source "ChessBase"]
[SourceDate "2001.11.25"]
[SourceVersion "1"]
[SourceVersionDate "2001.11.25"]
[SourceQuality "1"]

1. e4 c5 2. c3 d5 3. exd5 Qxd5 4. d4 Nf6 5. Nf3 Bg4 6. Be2 e6 7. h3 Bh5 8. Be3 cxd4 9. cxd4 Nc6 10. Nc3 Qd6 11. 0-0 Be7 12. Nb5 Qb8 13. Ne5 Bxe2 14. Qxe2 0-0 15. Rac1 a6 16. Nxc6 bxc6 17. Nc3 Nd5 18. Nxd5 cxd5 19. Rc2 h6 20. Rfc1 Bd6 21. Rc3 a5 22. Rb3 Qd8 23. Qg4 Kh7 24. Bf4 Bxf4 25. Qxf4 Rb8 26. Rcc3 a4 27. Rxb8 Qxb8 28. Qd2 Kg8 29. Qc2 Qb4 30. Rd3 Rb8 31. b3 axb3 32. Rxb3 Qe1+ 33. Kh2 Rxb3 34. axb3 Qb4 35. Qd3 g5 36. Qe3 Kg7 37. g3 f6 38. Qxe6 Qxb3 39. Qe7+ Kg6 40. Qf8 Qf3 41. Qg8+ Kf5 42. Qh7+ Ke6 43. Qc2 h5 44. Kg1 Kf7 45. Qh7+ Ke6 46. Qa7 Kf5 47. Qh7+ Ke6 1/2-1/2

[Event "YUG-chT2"]
[Site "Tivat"]
[Date "1995.??.??"]
[Round "3"]
[White "Pavlovic, Slobodan"]
[Black "Trifunovic, Miroljub"]
[Result "1-0"]
[WhiteElo "2275"]
[BlackElo "2295"]
[PlyCount "113"]
[EventDate "1995.??.??"]
[EventType "team-tourn"]
[EventRounds "11"]
[EventCountry "YUG"]
[SourceTitle "EXT 2002"]
[Source "ChessBase"]
[SourceDate "2001.11.25"]
[SourceVersion "1"]
[SourceVersionDate "2001.11.25"]
[SourceQuality "1"]

1. d4 Nf6 2. c4 e6 3. Nc3 d5 4. cxd5 exd5 5. Bg5 Nbd7 6. e3 c6 7. Bd3 Be7 8. Qc2 Nh5 9. Bxe7 Qxe7 10. Nge2 g6 11. 0-0-0 Nb6 12. Kb1 Bd7 13. Na4 Nxa4 14. Qxa4 0-0 15. Qc2 b6 16. Ng3 Nf6 17. h4 c5 18. Qe2 h5 19. e4 dxe4 20. Nxe4 Rfe8 21. dxc5 bxc5 22. Nc3 Be6 23. Rhe1 Rab8 24. Bb5 Red8 25. Rxd8+ Rxd8 26. Bc4 Bf5+ 27. Kc1 Qd6 28. g3 Re8 29. Qd2 Rxe1+ 30. Qxe1 Qd4 31. Qe2 Bg4 32. Qd3 Bf5 33. Qxd4 cxd4 34. Ne2 d3 35. Nf4 Ng4 36. Bxd3 Nxf2 37. Bxf5 gxf5 38. Nxh5 Ne4 39. b4 Kh7 40. a4 Nc3 41. Kc2 Nxa4 42. Kb3 Nb6 43. Nf4 Kh6 44. b5 Na8 45. Nd5 Kh5 46. Kc4 Kg4 47. Kd4 Nb6 48. Nf6+ Kxg3 49. h5 Nc8 50. Nd5 f6 51. Nxf6 Kh4 52. h6 Nd6 53. h7 Nf7 54. Ne8 Nh8 55. Nd6 f4 56. Ke4 Kg4 57. Nc4 1-0

[Event "YUG-chT2"]
[Site "Tivat"]
[Date "1995.??.??"]
[Round "7"]
[White "Sparic, Nebojsa"]
[Black "Pavlovic, Slobodan"]
[Result "1-0"]
[WhiteElo "2220"]
[BlackElo "2275"]
[PlyCount "41"]
[EventDate "1995.??.??"]
[EventType "team-tourn"]
[EventRounds "11"]
[EventCountry "YUG"]
[SourceTitle "EXT 2002"]
[Source "ChessBase"]
[SourceDate "2001.11.25"]
[SourceVersion "1"]
[SourceVersionDate "2001.11.25"]
[SourceQuality "1"]

1. e4 c5 2. Nf3 Nc6 3. d4 cxd4 4. Nxd4 Nf6 5. Nc3 e5 6. Ndb5 d6 7. Bg5 a6 8. Na3 b5 9. Nd5 Be7 10. Nxe7 Nxe7 11. Bd3 d5 12. exd5 Qxd5 13. Qd2 Ne4 14. Qe3 Nxg5 15. Qxg5 h6 16. Qxg7 Rg8 17. Qh7 Rb8 18. 0-0-0 Qxa2 19. Be4 Qe6 20. Bd5 Qg6 21. Bxf7+ 1-0

[Event "YUG-chT2"]
[Site "Yugoslavia"]
[Date "1994.??.??"]
[Round "1"]
[White "Pavlovic, Slobodan"]
[Black "Paulic, Branko"]
[Result "1/2-1/2"]
[WhiteElo "2340"]
[BlackElo "2260"]
[PlyCount "56"]
[EventDate "1994.??.??"]
[EventType "team-tourn"]
[EventRounds "11"]
[EventCountry "YUG"]
[SourceTitle "EXT 1997"]
[Source "ChessBase"]
[SourceDate "1996.11.15"]
[SourceVersion "1"]
[SourceVersionDate "1996.11.15"]
[SourceQuality "1"]

1. d4 e6 2. c4 f5 3. g3 Nf6 4. Bg2 Be7 5. Nc3 0-0 6. e4 fxe4 7. Nxe4 Nxe4 8. Bxe4 Bb4+ 9. Bd2 Bxd2+ 10. Qxd2 d5 11. Bg2 dxc4 12. Nf3 Nc6 13. 0-0 e5 14. d5 Bg4 15. dxc6 Bxf3 16. Qxd8 Raxd8 17. Bxf3 Rxf3 18. cxb7 Rb8 19. Rac1 Rxb7 20. Rc2 Rf6 21. Re1 Rfb6 22. Rxe5 Rxb2 23. Rxc4 Rxa2 24. Re7 Ra6 25. Rd4 Rd6 26. Rxd6 Rb1+ 27. Kg2 cxd6 28. Rxa7 Rd1 1/2-1/2

[Event "YUG-chT2"]
[Site "Yugoslavia"]
[Date "1994.??.??"]
[Round "7"]
[White "Zlatanovic, Zoran"]
[Black "Pavlovic, Slobodan"]
[Result "1/2-1/2"]
[WhiteElo "2280"]
[BlackElo "2340"]
[PlyCount "74"]
[EventDate "1994.??.??"]
[EventType "team-tourn"]
[EventRounds "11"]
[EventCountry "YUG"]
[SourceTitle "EXT 1997"]
[Source "ChessBase"]
[SourceDate "1996.11.15"]
[SourceVersion "1"]
[SourceVersionDate "1996.11.15"]
[SourceQuality "1"]

1. e4 c6 2. d4 d5 3. e5 Bf5 4. Nf3 e6 5. Be2 c5 6. 0-0 Nc6 7. c3 Qc7 8. Na3 0-0-0 9. Nb5 Qb8 10. dxc5 Bxc5 11. b4 Be7 12. a4 f6 13. exf6 Bxf6 14. Nfd4 Nxd4 15. Nxd4 h5 16. a5 Ne7 17. Be3 e5 18. Nb5 Nc6 19. Bc5 g6 20. Qb3 Rh7 21. Rfd1 Rhd7 22. Nxa7+ Nxa7 23. b5 Be7 24. Bxe7 Rxe7 25. Rxd5 Be6 26. Qc4+ Qc7 27. Rxd8+ Kxd8 28. Qxc7+ Kxc7 29. b6+ Kb8 30. bxa7+ Kxa7 31. Bb5 Rc7 32. c4 Rc8 33. a6 Bxc4 34. Rc1 Be6 35. Rxc8 Bxc8 36. axb7 Kxb7 37. h4 Bf5 1/2-1/2

[Event "YUG-chT FL"]
[Site "Arandjelovac"]
[Date "1990.??.??"]
[Round "10"]
[White "Pavlovic, Slobodan"]
[Black "Novoselski, Zoran"]
[Result "0-1"]
[WhiteElo "2250"]
[BlackElo "2355"]
[PlyCount "92"]
[EventDate "1990.??.??"]
[EventType "team-tourn"]
[EventRounds "11"]
[EventCountry "YUG"]
[SourceTitle "EXT 1997"]
[Source "ChessBase"]
[SourceDate "1996.11.15"]
[SourceVersion "1"]
[SourceVersionDate "1996.11.15"]
[SourceQuality "1"]

1. d4 Nf6 2. c4 e6 3. Nc3 Bb4 4. e3 b6 5. Nge2 Bb7 6. a3 Bxc3+ 7. Nxc3 0-0 8. f3 d5 9. cxd5 exd5 10. Bd3 c5 11. 0-0 Ba6 12. Bxa6 Nxa6 13. Qd3 Qc8 14. Bd2 Qb7 15. Rad1 Rfe8 16. g4 Nc7 17. g5 Nd7 18. f4 c4 19. Qf5 Rad8 20. Rf3 Nf8 21. Qg4 a5 22. f5 Qc6 23. f6 g6 24. Qh4 h5 25. gxh6 Nh7 26. Rdf1 Nb5 27. Ne2 Kh8 28. Ng3 Nd6 29. Be1 Qd7 30. Kh1 Ne4 31. Nxe4 Rxe4 32. Qh3 Qb5 33. Qg2 Rde8 34. Bg3 Rxe3 35. Rxe3 Rxe3 36. Be5 Qd7 37. Rg1 Re4 38. Qf3 Nf8 39. Bg3 Qh3 40. Qf2 Ne6 41. Be5 Kh7 42. Qg3 Qxg3 43. hxg3 Re2 44. Rg2 Rxg2 45. Kxg2 b5 46. Kf3 Kxh6 0-1